000
00266nam a2200109 a 4500
005
20201002034254.0
008
130904s2008 000 spa d
020
_a
9788437624587
245
0
_a
Historia de Iberoamérica.
260
_a
Madrid,
_c
2008.
999
_c
40131
_d
40131
040
_a
DO-SdBNP